| 000 | 00620nam a22001937a 4500 | ||
|---|---|---|---|
| 999 |
_c17576 _d17576 |
||
| 003 | AR-CdUCM | ||
| 008 | 190509b ||||| |||| 00| 0 SPA d | ||
| 040 |
_aMUNICIPALIDAD PROVINCIAL DEL CUSCO _cBIBLIOTECA MUNICIPAL DEL CUSCO |
||
| 082 |
_a928 / _bB113 |
||
| 100 |
_aBabette,Deutsch _937669 |
||
| 245 | _aWalt Whitman Arquitecto de América / | ||
| 260 |
_aNueva York : _bPlaza janes, _c1965. |
||
| 300 |
_a367 páginas ; _c20 cm. |
||
| 505 | _aContenido : Comienzo en paumanok -- Lecciones mas fuertes -- El enfermero... | ||
| 650 |
_aLiteratura _983 |
||
| 650 |
_aNovela _95 |
||
| 942 |
_2ddc _cLIBROS |
||
| 945 | _arcc | ||